| 000 | 00955nam0a22002651 4500 | ||
|---|---|---|---|
| 001 | rc\3495827 | ||
| 005 | 20250610024335.0 | ||
| 021 |
_aRU _b[72-64093] |
||
| 035 | _a(NLR Aleph) 007650891 | ||
| 090 |
_a6227469 _c6227469 |
||
| 100 | _a20130115d1972 |||y0rusy50 ca | ||
| 101 | 0 | _arus | |
| 102 | _aRU | ||
| 105 | _aa z ||||| | ||
| 200 | 1 |
_aОсновы технологии судового машиностроения _e[Для кораблестроит. специальностей вузов] |
|
| 210 |
_aЛенинград _cСудостроение _d1972 |
||
| 215 |
_a248 с. _cчерт. _d22 |
||
| 320 | _aСписок лит.: с. 247-248 (41 назв.) | ||
| 606 |
_aСудовое машиностроение _jУчебники и пособия _2psbo |
||
| 700 | 1 |
_aБарит _bГ.Ю. _gГригорий Юльевич |
|
| 801 | 0 |
_aRU _bNLR _gpsbo |
|
| 801 | 1 |
_aRU _bELAR _2rusmarc |
|
| 852 |
_aNLR _j72-5/2469 |
||
| 942 | _cBOOK | ||
| 980 | _aNB | ||